LEADER 00970nas 2200337- 450 001 9910303423403321 005 20200518065523.5 011 $a2469-6315 035 $a(CKB)3790000000061280 035 $a(CONSER)--2015203103 035 $a(OCoLC)926718072 035 $a(DE-599)ZDB2544238-7 035 $a(EXLCZ)993790000000061280 100 $a20151026a19969999 --- a 101 0 $aeng 135 $aurun||||a|a|| 181 $ctxt$2rdacontent 182 $cc$2rdamedia 183 $acr$2rdacarrier 200 10$aAnnual report 210 1$aBoston, MA :$cMuseum of Fine Arts Boston,$d[1996-] 300 $aIncludes annual report of the School of the Museum of Fine Arts, Boston. 311 $a2380-5366 608 $aAnnual reports.$2aat 608 $aPeriodicals.$2fast 676 $a069.068 712 02$aMuseum of Fine Arts, Boston.$bSchool. 906 $aJOURNAL 912 $a9910303423403321 996 $aAnnual report$9162222 997 $aUNINA LEADER 01621nas 2200409 n 450 001 990009063100403321 005 20240229084343.0 011 $a0393-4128 035 $a000906310 035 $aFED01000906310 035 $a(Aleph)000906310FED01 035 $a000906310 091 $2CNR$aP 00067177 100 $a20090724b19771982km-y0itaa50------ba 101 0 $aita 102 $aIT 110 $aauu-------- 200 1 $aStudi storico-religiosi 207 1$a1977-1982 210 $aL'Aquila$cJapadre 430 0$1001000903815$12001$aReligioni e civiltà 440 0$1001000906240$12001$aStudi e materiali di storia delle religioni [1983] 530 0 $aStudi storico-religiosi 675 $a291 675 $a2 675 $a27 712 02$aUniversità degli studi di Roma.$bScuola di studi storico-religiosi 801 0$aIT$bACNP$c20090723 859 4 $uhttp://acnp.cib.unibo.it/cgi-ser/start/it/cnr/dc-p1.tcl?catno=43528&person=false&language=ITALIANO&libr=&libr_th=unina1$zBiblioteche che possiedono il periodico 901 $aSE 912 $a990009063100403321 958 $aBRAU. Biblioteca di Ricerca di Area Umanistica$b1977-1982.$c1980;$eITALIA 79$fFLFBC 959 $aFLFBC 996 $aStudi storico-religiosi$9786115 997 $aUNINA AP1 8 $6866-01$aNA072 BRAU. Biblioteca di Ricerca di Area Umanistica$bITALIA 79$ePiazza Bellini 56/60, 80133 Napoli (NA)$m(081) 2533948$nit AP2 40$aacnp.cib.unibo.it$nACNP Italian Union Catalogue of Serials$uhttp://acnp.cib.unibo.it/cgi-ser/start/it/cnr/df-p.tcl?catno=43528&language=ITALIANO&libr=&person=&B=1&libr_th=unina&proposto=NO